Archipiélago Toscano - Estadísticas

Estadísticas generales
  • Esta prueba ha sido intentada 5 veces
  • La puntuación promedio es 5 de 10
Estadísticas de respuestas
Respuesta % Correcto
Elba
100%
Gorgona
60%
Montecristo
60%
Capraia
40%
Cerboli
40%
Giannutri
40%
Giglio
40%
Palmaiola
40%
Pianosa
40%
Formiche di Grosseto
20%
No se encontraron pruebas coincidentes
Distribución de puntuación
Porcentaje de gente con cada puntuación
Porcentaje por número respondido
Historial de tus puntuaciones
No has intentado esta prueba.